Statistics for Countries with Slovakian embassies

Click here to take the quiz!

General Stats

  • This quiz has been taken 37 times
  • The average score is 59 of 63

Answer Stats

Continent Country % Correct
EuropePoland
100%
EuropeFrance
100%
EuropeGermany
97%
EuropePortugal
97%
EuropeHungary
97%
AsiaIran
97%
AsiaIraq
97%
EuropeSweden
97%
EuropeSpain
97%
South AmericaArgentina
97%
EuropeLatvia
97%
North AmericaMexico
97%
Asia/ EuropeRussia
97%
Europethe Netherlands
97%
EuropeRomania
97%
EuropeNorway
97%
Asia/ EuropeTurkey
97%
EuropeGreece
97%
EuropeFinland
97%
EuropeCroatia
97%
OceaniaAustralia
97%
EuropeAustria
97%
EuropeBelgium
97%
North AmericaUnited States of America
97%
EuropeUkraine
97%
AsiaChina
97%
North AmericaCanada
97%
EuropeUnited Kingdom
97%
EuropeDenmark
97%
EuropeCzech Republic
97%
EuropeMacedonia
94%
AfricaEgypt
94%
EuropeBelarus
94%
EuropeMontenegro
94%
EuropeBosnia and Herzegovina
94%
EuropeSerbia
94%
EuropeIreland
94%
South AmericaBrazil
94%
EuropeSlovenia
94%
AfricaSouth Africa
94%
AsiaUnited Arab Emirates
94%
AsiaIndia
94%
AsiaIndonesia
94%
AsiaIsrael
94%
EuropeAlbania
94%
AsiaJapan
91%
AsiaVietnam
91%
EuropeItaly
91%
EuropeBulgaria
91%
North AmericaCuba
88%
EuropeCyprus
88%
EuropeMoldova
88%
AfricaNigeria
88%
EuropeSwitzerland
88%
AfricaKenya
88%
AsiaThailand
88%
AsiaGeorgia
85%
AfricaEthiopia
85%
AsiaKazakhstan
82%
AsiaLebanon
82%
EuropeVatican City
82%
AsiaKuwait
76%
AsiaUzbekistan
70%

Score Distribution

Percentile by Number Answered

Percent of People with Each Score

Your Score History

You have not taken this quiz